000 00237nam a2200121Ia 4500
100 _a#N/A
650 _aComputer/ IT
942 _cBK
654 _ac
245 _aC Application Programs & Projects
260 _b#N/A
546 _aENGLISH
999 _c28972
_d28972